00701nam a2200181 i 450000100060000000300090000600500170001500700030003200800410003510000170007624501540009326000580024730000290030550000710033450500670040570000230047285200240049577009ES-MaACL20230906173041.0t|041006q1923 fr ||||1| fre d1 aGuye, Ph. A.10aSur la compressibilité a 0º et audessous de l'atmosphère et l'écart de la loi d'Avogadro de plussieurs gaz / cpar M. Gueroult et T. Batuecas. aParis : bPresses Universitaires de France, c[1923?] a15 h. : bil. ; c27 cm. aEs tirada aparte de Journal de Chimie Physique, t. 20, p. 308-336.8 aContiene: V. I: Oxigène, hydrogène et anhydride carbonique1 aBatuecas, Tomás. aES-MaACLj1732-F-26